[Event "Moscow Aeroflot op"]
[Site "Moscow"]
[Date "2004.02.21"]
[Round "5"]
[White "Kharitonov, Andrei Y"]
[Black "Vaganian, Rafael A"]
[Result "1/2-1/2"]
[WhiteElo "2561"]
[BlackElo "2623"]
[PlyCount "29"]
[EventDate "2004.02.17"]
[EventType "swiss"]
[EventRounds "9"]
[EventCountry "RUS"]
[Source "ChessBase"]
[SourceDate "2004.06.01"]

1. d4 d5 2. c4 e6 3. Nf3 Nf6 4. Nc3 Be7 5. Bg5 h6 6. Bh4 O-O 7. e3 b6 8. Rc1
Bb7 9. cxd5 Nxd5 10. Bxe7 Qxe7 11. Nxd5 Bxd5 12. Be2 Rc8 13. O-O c5 14. dxc5
Rxc5 15. Rxc5 1/2-1/2

[Event "Degremont GP"]
[Site "Clichy"]
[Date "2004.03.13"]
[Round "2.1"]
[White "Collas, Didier"]
[Black "David, Alberto"]
[Result "0-1"]
[WhiteElo "2436"]
[BlackElo "2580"]
[PlyCount "112"]
[EventDate "2004.03.13"]
[EventType "k.o."]
[EventRounds "3"]
[EventCountry "FRA"]
[Source "ChessBase"]
[SourceDate "2004.06.01"]

1. Nf3 Nf6 2. c4 e6 3. Nc3 d5 4. d4 Be7 5. Bg5 h6 6. Bh4 O-O 7. e3 b6 8. Be2
Bb7 9. Bxf6 Bxf6 10. cxd5 exd5 11. O-O Re8 12. Rc1 c6 13. Bd3 Nd7 14. e4 Nf8
15. e5 Be7 16. Nd2 Ne6 17. Ne2 c5 18. f4 cxd4 19. Nf3 Bc5 20. Qe1 Ba6 21. Rd1
Qc8 22. Qg3 Bxd3 23. Rxd3 Qa6 24. Rfd1 Qxa2 25. f5 Qxb2 26. R1d2 Qb1+ 27. Kf2
Nf8 28. Nf4 Nh7 29. f6 Bf8 30. Nxd5 Rac8 31. fxg7 Bb4 32. Nxb4 Qxb4 33. Rxd4
Qc5 34. Qf4 Rc6 35. h4 Kxg7 36. Kg3 Rg6+ 37. Kh2 Nf8 38. Rd6 Ne6 39. Qf5 Qc4
40. Rd7 Qf4+ 41. Qxf4 Nxf4 42. Rxa7 Rc8 43. h5 Rg4 44. g3 Rc3 45. Nd4 Nxh5 46.
e6 Nxg3 47. Rxf7+ Kg6 48. Nf3 Nf1+ 49. Kh1 Rxf3 50. Rxf3 Nxd2 51. Rd3 Ne4 52.
Rb3 Nf6 53. Rxb6 Re4 54. Kg2 Kf5 55. Rb5+ Re5 56. Rb4 Rxe6 0-1

[Event "Asian Cities 14th"]
[Site "Tagaytay City"]
[Date "2004.03.22"]
[Round "3"]
[White "Dableo, Ronald"]
[Black "Liang Jinrong"]
[Result "1/2-1/2"]
[WhiteElo "2426"]
[BlackElo "2489"]
[PlyCount "38"]
[EventDate "2004.03.21"]
[EventType "team"]
[EventRounds "9"]
[EventCountry "PHI"]
[Source "ChessBase"]
[SourceDate "2004.05.04"]

1. c4 e6 2. Nf3 d5 3. d4 Nf6 4. Nc3 Be7 5. Bg5 h6 6. Bh4 O-O 7. e3 b6 8. cxd5
Nxd5 9. Bxe7 Qxe7 10. Bd3 Bb7 11. Rc1 Rc8 12. O-O c5 13. Bb1 Nd7 14. Qe2 cxd4
15. Nxd5 Bxd5 16. Nxd4 Bb7 17. a3 a5 18. Bd3 Rxc1 19. Rxc1 Rc8 1/2-1/2

[Event "St Petersburg-ch 77th"]
[Site "St Petersburg"]
[Date "2004.04.09"]
[Round "9"]
[White "Popov, Valerij"]
[Black "Lugovoi, Aleksei"]
[Result "1-0"]
[WhiteElo "2580"]
[BlackElo "2554"]
[PlyCount "149"]
[EventDate "2004.04.01"]
[EventType "tourn"]
[EventRounds "11"]
[EventCountry "RUS"]
[EventCategory "10"]
[Source "ChessBase"]
[SourceDate "2004.07.27"]

1. Nf3 Nf6 2. c4 e6 3. Nc3 d5 4. d4 Be7 5. Bg5 h6 6. Bh4 O-O 7. e3 b6 8. Be2
Bb7 9. Bxf6 Bxf6 10. cxd5 exd5 11. b4 c6 12. O-O Nd7 13. Qb3 Re8 14. Rfd1 b5
15. a4 a6 16. a5 Nf8 17. Rac1 Bc8 18. Na2 Qd6 19. Qc3 Bd7 20. Rc2 Rac8 21. h3
g5 22. Nd2 Bg7 23. Nb3 Rc7 24. Qc5 Qg6 25. Bd3 Qh5 26. Be2 Qg6 27. Bd3 Qh5 28.
Rdc1 Ne6 29. Qd6 Rec8 30. Bf5 Nf8 31. Bd3 Ne6 32. Rc3 Qh4 33. Bf5 Nf8 34. Bd3
Ne6 35. Bf5 Nf8 36. Bxd7 Rxd7 37. Qh2 Rdc7 38. Nc5 Ra7 39. R1c2 Qh5 40. Qg3 Qg6
41. Nc1 f5 42. Ne2 Kh7 43. Nd3 Rac7 44. Nc5 Ra7 45. Qf3 Ne6 46. g4 Rf7 47. Nxe6
Qxe6 48. gxf5 Rxf5 49. Qg4 Rf6 50. Nc1 Qe8 51. Nd3 Bf8 52. Kf1 Rc7 53. Ke1 Be7
54. Kd1 Qf8 55. Rb3 Bd6 56. Kc1 Qe7 57. Kb2 Qf8 58. Ka3 Re7 59. Rbc3 Re4 60.
Qg2 Ree6 61. Kb3 Be7 62. Ne5 Qe8 63. Qf1 Bf8 64. Qc1 c5 65. bxc5 b4 66. Rd3 Qb5
67. Rdd2 Qxa5 68. Ra2 Qc7 69. Qa1 Qb8 70. Nd7 Qc8 71. Nxf6+ Rxf6 72. Qf1 Kg8
73. Ra4 h5 74. Rda2 Rf3 75. Qd3 1-0

[Event "Neckar op 8th"]
[Site "Deizisau"]
[Date "2004.04.11"]
[Round "6"]
[White "Gelashvili, Tamaz"]
[Black "Kasimdzhanov, Rustam"]
[Result "0-1"]
[WhiteElo "2535"]
[BlackElo "2652"]
[PlyCount "144"]
[EventDate "2004.04.08"]
[EventType "swiss"]
[EventRounds "9"]
[EventCountry "GER"]
[Source "ChessBase"]
[SourceDate "2004.05.04"]

1. d4 d5 2. c4 e6 3. Nc3 Be7 4. Nf3 Nf6 5. Bg5 h6 6. Bh4 O-O 7. e3 b6 8. Bd3
Nbd7 9. O-O Bb7 10. Bg3 a6 11. cxd5 exd5 12. Rc1 Re8 13. Ne5 c5 14. Qf3 Nf8 15.
Rfd1 Ne6 16. dxc5 Bxc5 17. Bc4 Ng5 18. Qf5 dxc4 19. Rxd8 Raxd8 20. Nxc4 Nge4
21. Nxe4 Rxe4 22. h3 Rd5 23. Qf3 Rg5 24. Nd2 Re7 25. Qf4 Nh5 26. Qb8+ Kh7 27.
Nf1 Rd7 28. h4 Rg4 29. Qe5 g6 30. Qe8 Nf6 31. Qb8 Bd6 32. Bxd6 Rxg2+ 33. Kh1
Rxf2+ 34. Kg1 Rg2+ 35. Kh1 Rxb2+ 36. Kg1 Rg2+ 37. Kh1 Rxa2+ 38. Kg1 Rg2+ 39.
Kh1 Rf2+ 40. Kg1 Rg2+ 41. Kh1 Rc2+ 42. Qxb7 Rxc1 43. Qxb6 Ne4 44. Kg2 Rxd6 45.
Qb7 Rf6 46. Qxe4 Rcxf1 47. Qd4 h5 48. Qe5 R1f2+ 49. Kg1 R2f5 50. Qe4 Re6 51.
Qc4 a5 52. Qd4 Rfe5 53. Qa7 Re7 54. Qa6 Kg7 55. Qb6 a4 56. Qd4 a3 57. Qc3 a2
58. Qb2 Kg8 59. Qxa2 Rxe3 60. Qa8+ Re8 61. Qc6 R3e4 62. Kg2 Rg4+ 63. Kf3 Ree4
64. Qd6 Ref4+ 65. Ke3 Rxh4 66. Qc6 Rhg4 67. Qa8+ Kh7 68. Qb7 Rf5 69. Qc7 Rgf4
70. Qb7 Rf3+ 71. Ke4 h4 72. Qb2 Rf2 0-1

[Event "ACP Blitz Prelim1"]
[Site "playchess.com INT"]
[Date "2004.04.12"]
[Round "11"]
[White "Sasikiran, Krishnan"]
[Black "Komarov, Dimitri"]
[Result "1-0"]
[WhiteElo "2659"]
[BlackElo "2565"]
[PlyCount "137"]
[EventDate "2004.04.12"]
[EventType "tourn (blitz)"]
[EventRounds "17"]
[EventCountry "GER"]
[EventCategory "11"]
[Source "ChessBase"]
[SourceDate "2004.05.04"]

1. Nf3 d5 2. d4 Nf6 3. c4 e6 4. Nc3 Be7 5. Bg5 O-O 6. e3 h6 7. Bh4 b6 8. Be2
dxc4 9. Bxc4 Bb7 10. O-O Nbd7 11. Qe2 c5 12. Bg3 Ne4 13. Rfd1 Qc8 14. Rac1 Nxc3
15. Rxc3 Nf6 16. Rcc1 Ne4 17. Be5 Rd8 18. a3 Qc6 19. Bb5 Qc8 20. b4 a5 21. bxc5
bxc5 22. a4 Ba6 23. dxc5 Rxd1+ 24. Qxd1 Bxb5 25. axb5 Nxc5 26. Bd4 Qd8 27. Ne5
Bf8 28. h3 Qd5 29. Nc4 Nd7 30. Qa4 e5 31. Nb6 Nxb6 32. Bxb6 Bb4 33. Bc7 Qd7 34.
Bxe5 Rd8 35. Bd4 Qe8 36. Rc6 Qe4 37. b6 Qb1+ 38. Kh2 Bd6+ 39. Rxd6 Rxd6 40.
Qxa5 Rd8 41. b7 Rf8 42. Qc7 Kh7 43. Ba7 Qa2 44. b8=Q Rxb8 45. Bxb8 Qxf2 46. Qf4
Qa2 47. Qe4+ Kg8 48. Be5 Qe6 49. Qd4 f6 50. Bg3 Kh7 51. e4 Qe7 52. Qd5 Qe8 53.
Qf5+ Kh8 54. h4 Qe7 55. h5 Qe8 56. e5 fxe5 57. Qxe5 Qf7 58. Bf4 Kh7 59. Bd2 Qd7
60. Bc3 Qf7 61. Kg3 Qd7 62. Kf4 Qb7 63. Qe4+ Qxe4+ 64. Kxe4 g6 65. g4 gxh5 66.
gxh5 Kg8 67. Kf5 Kf7 68. Bd4 Kg8 69. Kg6 1-0

[Event "ACP Blitz Prelim4"]
[Site "playchess.com INT"]
[Date "2004.04.15"]
[Round "14"]
[White "Polaczek, Richard"]
[Black "Lputian, Smbat G"]
[Result "1-0"]
[WhiteElo "2426"]
[BlackElo "2634"]
[PlyCount "87"]
[EventDate "2004.04.15"]
[EventType "tourn (blitz)"]
[EventRounds "17"]
[EventCountry "GER"]
[EventCategory "12"]
[Source "ChessBase"]
[SourceDate "2004.05.04"]

1. d4 e6 2. Nf3 d5 3. c4 Nf6 4. Nc3 Be7 5. Bg5 h6 6. Bh4 O-O 7. e3 b6 8. Be2
Bb7 9. Bxf6 Bxf6 10. cxd5 exd5 11. b4 c6 12. O-O a5 13. bxa5 Rxa5 14. a4 Nd7
15. Nd2 Ba6 16. Nb3 Bxe2 17. Qxe2 Ra7 18. Rfc1 Qa8 19. Qc2 g6 20. g3 Kg7 21. a5
bxa5 22. Na4 Rc8 23. Nbc5 Nxc5 24. Nb6 Qb8 25. Nxc8 Qxc8 26. Qxc5 Rc7 27. Rxa5
Be7 28. Qc3 Bd6 29. Rca1 h5 30. Ra7 Rxa7 31. Rxa7 h4 32. Qd3 Qg4 33. Ra6 Qf3
34. Rxc6 Bf4 35. Rc2 Bg5 36. Qe2 Qe4 37. Rc3 Qb1+ 38. Kg2 Qe4+ 39. f3 Qb1 40.
e4 Qa1 41. Rd3 Qa6 42. e5 Bf6 43. exf6+ Qxf6 44. Qe5 1-0

[Event "Capablanca mem Premier II 39th"]
[Site "Havana"]
[Date "2004.05.08"]
[Round "3"]
[White "Almeida, Omar"]
[Black "Pecorelli Garcia, Humberto"]
[Result "1/2-1/2"]
[WhiteElo "2426"]
[BlackElo "2420"]
[PlyCount "99"]
[EventDate "2004.05.06"]
[EventType "tourn"]
[EventRounds "13"]
[EventCountry "CUB"]
[EventCategory "8"]
[Source "ChessBase"]
[SourceDate "2004.07.06"]

1. d4 d5 2. Nf3 Nf6 3. c4 e6 4. Nc3 Be7 5. Bg5 h6 6. Bh4 O-O 7. e3 b6 8. Be2
Nbd7 9. Rc1 dxc4 10. Bxc4 Bb7 11. O-O a6 12. a4 c5 13. Qe2 cxd4 14. exd4 Nd5
15. Bxd5 Bxd5 16. Nxd5 Bxh4 17. Nc7 Ra7 18. Nxa6 Be7 19. b3 Bd6 20. Qb5 Nf6 21.
Nb4 Ra5 22. Qc4 b5 23. axb5 Bxb4 24. Qxb4 Nd5 25. Qc4 Qb8 26. Ne5 Qb7 27. Nd3
Qxb5 28. g3 Rb8 29. Nc5 Qc6 30. Ra1 Rab5 31. Rfc1 Rb4 32. Qd3 Qd6 33. Ra4 Rd8
34. Qf3 Qb6 35. Ra6 Qb8 36. Ra4 Rxa4 37. Nxa4 Qa7 38. Rc4 Ne7 39. Qc3 Nd5 40.
Qc2 Qa8 41. h4 h5 42. Qe2 g6 43. Qf3 Kg7 44. Kg2 Rb8 45. Nc5 Qc6 46. Ra4 Rxb3
47. Nxb3 Qxa4 48. Kh2 Qc4 49. Kg2 Nc3 50. Qb7 1/2-1/2

[Event "EU-ch 5th"]
[Site "Antalya"]
[Date "2004.05.16"]
[Round "2"]
[White "Sargissian, Gabriel"]
[Black "Halkias, Stelios"]
[Result "0-1"]
[WhiteElo "2614"]
[BlackElo "2541"]
[PlyCount "66"]
[EventDate "2004.05.15"]
[EventType "swiss"]
[EventRounds "13"]
[EventCountry "TUR"]
[Source "ChessBase"]
[SourceDate "2004.07.27"]

1. Nf3 d5 2. d4 Nf6 3. c4 e6 4. Nc3 Be7 5. Bg5 h6 6. Bh4 O-O 7. e3 b6 8. Bd3
Bb7 9. O-O Nbd7 10. Bg3 c5 11. Qe2 Ne4 12. cxd5 exd5 13. Rad1 Qc8 14. Rc1 Ndf6
15. dxc5 bxc5 16. Rfd1 Qe6 17. Bh4 g5 18. Bg3 Rfd8 19. Nd2 Nxg3 20. hxg3 g4 21.
b3 Kg7 22. Qf1 a5 23. Ne2 Qe5 24. Bb5 h5 25. Nf4 Rh8 26. Qe2 h4 27. Nf1 Bd6 28.
Bd3 Qg5 29. Qd2 Qh6 30. e4 hxg3 31. fxg3 c4 32. Bb1 Rae8 33. Ne3 Bc5 0-1

[Event "EU-ch 5th"]
[Site "Antalya"]
[Date "2004.05.29"]
[Round "13"]
[White "Gurevich, Mikhail"]
[Black "Ivanchuk, Vassily"]
[Result "1/2-1/2"]
[WhiteElo "2672"]
[BlackElo "2716"]
[PlyCount "21"]
[EventDate "2004.05.15"]
[EventType "swiss"]
[EventRounds "13"]
[EventCountry "TUR"]
[Source "ChessBase"]
[SourceDate "2004.07.27"]

1. d4 Nf6 2. c4 e6 3. Nc3 d5 4. Bg5 Be7 5. e3 O-O 6. Nf3 h6 7. Bh4 b6 8. Bd3
Bb7 9. O-O Nbd7 10. Rc1 c5 11. cxd5 1/2-1/2

[Event "SCG-chT"]
[Site "Petrovac"]
[Date "2004.05.22"]
[Round "7"]
[White "Maksimovic, Branimir"]
[Black "Abramovic, Bosko"]
[Result "0-1"]
[WhiteElo "2408"]
[BlackElo "2468"]
[PlyCount "84"]
[EventDate "2004.05.16"]
[EventType "team"]
[EventRounds "7"]
[EventCountry "YUG"]
[Source "ChessBase"]
[SourceDate "2004.07.06"]

1. d4 d5 2. c4 e6 3. Nc3 Be7 4. Nf3 Nf6 5. Bg5 h6 6. Bh4 O-O 7. e3 b6 8. cxd5
exd5 9. Bd3 Bb7 10. Rc1 Nbd7 11. O-O c5 12. Bg3 Ne4 13. dxc5 Nxg3 14. hxg3 bxc5
15. Qb3 Nb6 16. Bb1 Qd6 17. Rfd1 Qe6 18. Ne2 g6 19. Nf4 Qf6 20. Qc2 Rfd8 21. a3
Rac8 22. Qe2 Re8 23. Qd2 Bf8 24. Ba2 Red8 25. Qe2 a5 26. Rc2 a4 27. Nd2 Re8 28.
Qg4 Bg7 29. Rdc1 h5 30. Qf3 Ba8 31. Nd3 c4 32. Qxf6 Bxf6 33. Nb4 Kg7 34. e4 c3
35. bxc3 dxe4 36. Nf1 Nd7 37. Ne3 Nc5 38. Nbd5 Bg5 39. Rb1 Re5 40. Rb5 Bc6 41.
Ra5 Ra8 42. Rxa8 Bxa8 0-1

[Event "ACP Blitz Prelim3 3rd"]
[Site "playchess.com INT"]
[Date "2004.06.02"]
[Round "8"]
[White "Sasikiran, Krishnan"]
[Black "Lputian, Smbat G"]
[Result "0-1"]
[WhiteElo "2654"]
[BlackElo "2634"]
[PlyCount "74"]
[EventDate "2004.06.02"]
[EventType "tourn (blitz)"]
[EventRounds "22"]
[EventCountry "GER"]
[EventCategory "12"]
[Source "ChessBase"]
[SourceDate "2004.07.06"]

1. Nf3 d5 2. d4 Nf6 3. c4 e6 4. Nc3 Be7 5. Bg5 h6 6. Bh4 O-O 7. e3 b6 8. Be2
Bb7 9. Bxf6 Bxf6 10. cxd5 exd5 11. O-O c5 12. dxc5 bxc5 13. Qb3 Bc6 14. Rad1 c4
15. Qc2 Qa5 16. Nd4 Bb7 17. Bf3 Nd7 18. b4 cxb3 19. Qxb3 Nc5 20. Qc2 Rfd8 21.
Rb1 Rac8 22. Rfc1 Ba6 23. Ncb5 Bxd4 24. exd4 Ne6 25. Nc3 Nxd4 26. Qd1 Nxf3+ 27.
Qxf3 d4 28. Ne4 Rxc1+ 29. Rxc1 d3 30. h4 Qxa2 31. Qe3 Qe2 32. Ra1 d2 33. Nxd2
Rxd2 34. Qxa7 Bc4 35. Qc5 Bd5 36. Ra8+ Kh7 37. Rd8 Qe4 0-1

[Event "NOR-ch"]
[Site "Molde"]
[Date "2004.07.08"]
[Round "7"]
[White "Ostenstad, Berge"]
[Black "Elsness, Frode"]
[Result "1-0"]
[WhiteElo "2492"]
[BlackElo "2408"]
[PlyCount "66"]
[EventDate "2004.07.03"]
[EventType "swiss"]
[EventRounds "9"]
[EventCountry "NOR"]
[Source "ChessBase"]
[SourceDate "2004.09.01"]

1. d4 d5 2. c4 e6 3. Nf3 Nf6 4. Bg5 Be7 5. Nc3 O-O 6. e3 h6 7. Bh4 b6 8. Bd3
Bb7 9. O-O Nbd7 10. Qe2 Ne4 11. Bg3 Ndf6 12. Rac1 c5 13. Rfd1 cxd4 14. Nxd4
Nxc3 15. Rxc3 Rc8 16. a3 Bd6 17. Bh4 dxc4 18. Bxc4 g5 19. Nxe6 Qe7 20. Nxf8 Qe4
21. f3 Bxh2+ 22. Kxh2 Qxh4+ 23. Kg1 Kxf8 24. Rd4 g4 25. Qf2 Qg5 26. fxg4 Kg7
27. Rf4 Be4 28. Qd2 h5 29. Qd4 Re8 30. Rc1 Qe5 31. Rcf1 Qxd4 32. exd4 Nxg4 33.
Bxf7 Ra8 1-0

[Event "GRE-chT"]
[Site "Aghia Pelagia"]
[Date "2004.07.07"]
[Round "5"]
[White "Navara, David"]
[Black "Graf, Alexander"]
[Result "1-0"]
[WhiteElo "2616"]
[BlackElo "2661"]
[PlyCount "119"]
[EventDate "2004.07.04"]
[EventType "team"]
[EventRounds "9"]
[EventCountry "GRE"]
[Source "ChessBase"]
[SourceDate "2004.09.01"]

1. d4 Nf6 2. c4 e6 3. Nf3 d5 4. Nc3 Be7 5. Bg5 O-O 6. e3 h6 7. Bh4 b6 8. Bd3
Bb7 9. O-O Nbd7 10. Qe2 c5 11. Rac1 cxd4 12. exd4 Rc8 13. Ne5 dxc4 14. Bxc4 Nh5
15. Nxd7 Nf4 16. Qg4 Bxh4 17. Nxf8 Kxf8 18. Qxf4 Bg5 19. Qg4 Rxc4 20. Rcd1 Bf6
21. Qg3 a6 22. Rd3 b5 23. Qe3 b4 24. Ne2 Bg5 25. f4 Bf6 26. Rd2 Rc7 27. Nc1 Rd7
28. Nb3 Rd5 29. Nc5 Bc6 30. Rfd1 g6 31. Nxa6 Qa5 32. Nc5 Qxa2 33. Nxe6+ Kg8 34.
Rc1 Rd6 35. d5 Bxd5 36. Nc7 Rc6 37. Rxd5 Rxc7 38. Rxc7 Qxd5 39. Qe2 Bd4+ 40.
Kf1 Qf5 41. g3 Kg7 42. Rc4 Qd5 43. Rxd4 Qxd4 44. Qe5+ Qxe5 45. fxe5 f6 46.
exf6+ Kxf6 47. Ke2 Kf5 48. Kd3 Kg4 49. Kc4 Kh3 50. Kxb4 Kxh2 51. Kc4 h5 52. b4
g5 53. b5 h4 54. b6 h3 55. b7 Kg1 56. b8=Q h2 57. Qb1+ Kg2 58. Qc2+ Kg1 59.
Qc1+ Kg2 60. Qxg5 1-0

[Event "GRE-chT"]
[Site "Aghia Pelagia"]
[Date "2004.07.10"]
[Round "8"]
[White "Mastrovasilis, Athanasios"]
[Black "Kalesis, Nikolaos"]
[Result "1/2-1/2"]
[WhiteElo "2488"]
[BlackElo "2440"]
[PlyCount "41"]
[EventDate "2004.07.04"]
[EventType "team"]
[EventRounds "9"]
[EventCountry "GRE"]
[Source "ChessBase"]
[SourceDate "2004.09.01"]

1. d4 Nf6 2. c4 e6 3. Nf3 d5 4. Nc3 Be7 5. Bg5 O-O 6. e3 h6 7. Bh4 b6 8. Bd3
dxc4 9. Bxc4 Bb7 10. O-O Nbd7 11. Bg3 a6 12. d5 exd5 13. Nxd5 Nxd5 14. Bxd5 c6
15. Be4 Nf6 16. Bf5 Qxd1 17. Rfxd1 c5 18. Ne5 Rad8 19. Nc4 b5 20. Na5 Ba8 21.
Nb3 1/2-1/2

[Event "Pardubice Skanska op"]
[Site "Pardubice"]
[Date "2004.07.29"]
[Round "7"]
[White "Arutunian, Davit"]
[Black "Azarov, Sergei"]
[Result "0-1"]
[WhiteElo "2433"]
[BlackElo "2544"]
[PlyCount "92"]
[EventDate "2004.07.23"]
[EventType "swiss"]
[EventRounds "9"]
[EventCountry "CZE"]
[Source "ChessBase"]
[SourceDate "2004.09.01"]

1. d4 Nf6 2. c4 e6 3. Nf3 d5 4. Nc3 Be7 5. Bg5 O-O 6. e3 h6 7. Bh4 b6 8. Bd3
Bb7 9. O-O Nbd7 10. Bg3 c5 11. cxd5 Nxd5 12. Nxd5 Bxd5 13. Rc1 Nf6 14. Bb1 Be4
15. Bxe4 Nxe4 16. Qa4 Qe8 17. Qa6 Qc8 18. Qb5 Qb7 19. dxc5 Bxc5 20. Rfd1 Rfd8
21. Be5 Rd5 22. Rxd5 Qxd5 23. Qc4 Rd8 24. Qxd5 Rxd5 25. Kf1 f6 26. Bd4 Bf8 27.
b3 e5 28. Ba1 Ra5 29. Rc2 Bb4 30. Ke2 Nc5 31. Bxe5 fxe5 32. Nxe5 Nxb3 33. Nd3
Na1 34. Rc8+ Bf8 35. f4 Rxa2+ 36. Kf3 Nb3 37. Ne5 Nd2+ 38. Kg4 Ne4 39. g3 Rxh2
40. Ra8 h5+ 41. Kf5 Nxg3+ 42. Kg6 Rd2 43. Kg5 Rd5 44. Rxa7 Kh7 45. Kh4 Nf5+ 46.
Kxh5 Nxe3 0-1

[Event "Lippstadt 12th"]
[Site "Lippstadt"]
[Date "2004.07.30"]
[Round "7"]
[White "Romanishin, Oleg M"]
[Black "Baramidze, David"]
[Result "1/2-1/2"]
[WhiteElo "2541"]
[BlackElo "2487"]
[PlyCount "158"]
[EventDate "2004.07.24"]
[EventType "tourn"]
[EventRounds "9"]
[EventCountry "GER"]
[EventCategory "10"]
[Source "ChessBase"]
[SourceDate "2004.11.11"]

1. d4 d5 2. c4 e6 3. Nf3 Be7 4. Nc3 Nf6 5. Bg5 h6 6. Bh4 O-O 7. e3 b6 8. Bd3
Bb7 9. O-O Nbd7 10. Bg3 c5 11. Qe2 cxd4 12. exd4 dxc4 13. Bxc4 Nh5 14. d5 Nxg3
15. hxg3 exd5 16. Bxd5 Bxd5 17. Nxd5 Re8 18. Rad1 Bc5 19. Qc4 Rc8 20. Qf4 a5
21. Qf5 Nf6 22. Nxf6+ Qxf6 23. Qxf6 gxf6 24. Rfe1 Rxe1+ 25. Nxe1 Bb4 26. Nd3
Be7 27. Kf1 f5 28. Ke2 Bg5 29. Ne1 Re8+ 30. Kf1 Bf6 31. b3 a4 32. Rd5 axb3 33.
axb3 Bc3 34. Nc2 Be5 35. Rb5 Re6 36. Nb4 Kg7 37. Nd3 f6 38. Rd5 Re7 39. Ne1 Kf7
40. f4 Bc3 41. Nf3 Ra7 42. Rb5 Ra1+ 43. Kf2 Ra2+ 44. Kg1 Ra6 45. Kh2 Ke6 46.
Kh3 Kd6 47. Rxf5 Ra3 48. b4 Rb3 49. b5 Ke6 50. Rh5 Kf7 51. Rd5 Bb4 52. Rd7+ Ke8
53. Rh7 Bc3 54. Rc7 Bb2 55. Nd2 Rxb5 56. Nc4 Kf8 57. Nxb2 Rxb2 58. Rh7 Rb1 59.
Kg4 Rb5 60. Rxh6 Kg7 61. Rh1 Kg6 62. Rd1 Rc5 63. Rd6 b5 64. Rb6 Rd5 65. Kf3
Rd3+ 66. Kf2 Rd2+ 67. Kg1 Kf5 68. Rxb5+ Kg4 69. Kh2 Rd7 70. Rb3 f5 71. Ra3 Rh7+
72. Kg1 Rb7 73. Rc3 Ra7 74. Re3 Rb7 75. Kf1 Rb1+ 76. Kf2 Rb2+ 77. Kg1 Rb7 78.
Rd3 Ra7 79. Rb3 Rc7 1/2-1/2

[Event "Asean GM 3rd"]
[Site "Bangkok"]
[Date "2004.08.01"]
[Round "4"]
[White "Dao Thien Hai"]
[Black "Zaw, Win Lay"]
[Result "1-0"]
[WhiteElo "2583"]
[BlackElo "2532"]
[PlyCount "95"]
[EventDate "2004.07.30"]
[EventType "tourn"]
[EventRounds "10"]
[EventCountry "THA"]
[EventCategory "11"]
[Source "ChessBase"]
[SourceDate "2004.11.11"]

1. d4 Nf6 2. c4 e6 3. Nf3 d5 4. Nc3 Be7 5. Bg5 O-O 6. e3 h6 7. Bh4 b6 8. Rc1
Bb7 9. Bxf6 Bxf6 10. cxd5 exd5 11. Qb3 c6 12. Bd3 Nd7 13. O-O Re8 14. Rfd1 Nf8
15. Bb1 Ne6 16. a3 Ng5 17. Ne5 Bxe5 18. dxe5 Rxe5 19. f4 Rxe3 20. fxg5 Qxg5 21.
Qc2 g6 22. Qf2 Rae8 23. Rf1 Qe7 24. Qf4 Ba6 25. Rfd1 h5 26. h3 Bc4 27. Ba2 Rxc3
28. Rxc3 Bxa2 29. Rxc6 Qe5 30. Qxe5 Rxe5 31. Rc7 a5 32. Rb7 a4 33. Rxb6 Re2 34.
Rf1 Bb3 35. Rf2 Re1+ 36. Kh2 Rd1 37. Kg3 d4 38. Kf4 Kg7 39. Rd6 Be6 40. Ke5 d3
41. Kf4 Bb3 42. Rd4 Bc2 43. Rd7 Bb3 44. Kg5 Re1 45. Rxd3 Re4 46. g4 f6+ 47. Kh4
hxg4 48. hxg4 1-0

[Event "GBR-ch"]
[Site "Scarborough"]
[Date "2004.08.10"]
[Round "8"]
[White "Hebden, Mark"]
[Black "Palliser, Richard"]
[Result "1/2-1/2"]
[WhiteElo "2559"]
[BlackElo "2411"]
[PlyCount "102"]
[EventDate "2004.08.02"]
[EventType "swiss"]
[EventRounds "11"]
[EventCountry "ENG"]
[Source "ChessBase"]
[SourceDate "2004.09.01"]

1. d4 Nf6 2. Nf3 d5 3. c4 e6 4. Bg5 Be7 5. Nc3 h6 6. Bh4 O-O 7. e3 b6 8. Bd3
Bb7 9. O-O Nbd7 10. Bg3 c5 11. Qe2 cxd4 12. exd4 Bb4 13. Rac1 dxc4 14. Bxc4 Nh5
15. d5 Nxg3 16. hxg3 exd5 17. Bxd5 Qb8 18. Bxb7 Qxb7 19. Nb5 Rfc8 20. Nh4 Rxc1
21. Rxc1 Rc8 22. Rd1 Nf6 23. a3 Bf8 24. Nf5 Qe4 25. Qxe4 Nxe4 26. Nxa7 Rc2 27.
f3 Bc5+ 28. Kh2 Ng5 29. b4 Bf2 30. g4 g6 31. Ne7+ Kf8 32. Nd5 h5 33. gxh5 gxh5
34. Nf6 Nxf3+ 35. gxf3 Bh4+ 36. Kh1 Bxf6 37. Rd6 Kg7 38. Rxb6 h4 39. Nc6 h3 40.
f4 Rf2 41. Ne5 Rxf4 42. Nd3 Rf3 43. Rd6 Bh4 44. Ne5 Re3 45. Nc4 Rc3 46. Nb2 Rb3
47. Rd4 Bf2 48. Rg4+ Kh6 49. Nc4 f5 50. Rg8 f4 51. Kh2 Rc3 1/2-1/2

[Event "Vlissingen HZ op"]
[Site "Vlissingen"]
[Date "2004.08.11"]
[Round "6"]
[White "Ikonnikov, Vyacheslav"]
[Black "Kasimdzhanov, Rustam"]
[Result "1/2-1/2"]
[WhiteElo "2543"]
[BlackElo "2640"]
[PlyCount "52"]
[EventDate "2004.08.07"]
[EventType "swiss"]
[EventRounds "9"]
[EventCountry "NED"]
[Source "ChessBase"]
[SourceDate "2004.09.01"]

1. d4 Nf6 2. Nf3 e6 3. c4 d5 4. Nc3 Be7 5. Bg5 h6 6. Bh4 O-O 7. e3 b6 8. Bd3
Nbd7 9. O-O Bb7 10. Qe2 Ne4 11. Bxe7 Qxe7 12. cxd5 exd5 13. Ba6 Bxa6 14. Qxa6
Ndf6 15. Rac1 c5 16. dxc5 bxc5 17. Nxe4 Nxe4 18. Rfd1 Rab8 19. Rc2 Rfd8 20. Nd2
Ng5 21. Qe2 Qf6 22. Nb3 c4 23. Nd4 Ne4 24. b3 Rdc8 25. Rdc1 g6 26. g3 Nd6
1/2-1/2

[Event "Paks Cup GM"]
[Site "Paks"]
[Date "2004.08.29"]
[Round "9"]
[White "Toth, Andras"]
[Black "Polak, Tomas"]
[Result "1/2-1/2"]
[WhiteElo "2429"]
[BlackElo "2482"]
[PlyCount "20"]
[EventDate "2004.08.21"]
[EventType "tourn"]
[EventRounds "9"]
[EventCountry "HUN"]
[EventCategory "8"]
[Source "ChessBase"]
[SourceDate "2004.11.03"]

1. d4 d5 2. c4 e6 3. Nc3 Nf6 4. Bg5 Be7 5. e3 h6 6. Bh4 O-O 7. Nf3 b6 8. Bd3
Bb7 9. O-O Nbd7 10. Rc1 a6 1/2-1/2

[Event "Botvinnik mem-A 4th"]
[Site "Satka"]
[Date "2004.09.04"]
[Round "9"]
[White "Zaitsev, Igor A"]
[Black "Doroshkievich, Vladimir K"]
[Result "1/2-1/2"]
[WhiteElo "2413"]
[BlackElo "2420"]
[PlyCount "52"]
[EventDate "2004.08.27"]
[EventType "tourn"]
[EventRounds "9"]
[EventCountry "RUS"]
[EventCategory "8"]
[Source "ChessBase"]
[SourceDate "2004.11.03"]

1. d4 d5 2. c4 e6 3. Nc3 Be7 4. Nf3 Nf6 5. Bg5 h6 6. Bh4 O-O 7. e3 b6 8. Bd3
dxc4 9. Bxc4 Bb7 10. Qe2 Ne4 11. Bg3 Nd7 12. O-O Nxg3 13. hxg3 Bb4 14. Rad1 Qe7
15. Nh4 Nf6 16. Nb1 Ne4 17. Nf3 Rfd8 18. a3 Bd6 19. Nbd2 c5 20. Nxe4 Bxe4 21.
d5 exd5 22. Bxd5 Rac8 23. Qc4 Bxf3 24. gxf3 Be5 25. b3 Bf6 26. f4 Rc7 1/2-1/2

[Event "Pune op"]
[Site "Pune"]
[Date "2004.09.11"]
[Round "9"]
[White "Sundararajan, Kidambi"]
[Black "Barsov, Alexei"]
[Result "1/2-1/2"]
[WhiteElo "2452"]
[BlackElo "2497"]
[PlyCount "67"]
[EventDate "2004.09.03"]
[EventType "swiss"]
[EventRounds "10"]
[EventCountry "IND"]
[Source "ChessBase"]
[SourceDate "2004.11.03"]

1. Nf3 d5 2. d4 Nf6 3. c4 e6 4. Nc3 Be7 5. Bg5 h6 6. Bh4 O-O 7. e3 b6 8. Be2
Bb7 9. Bxf6 Bxf6 10. cxd5 exd5 11. O-O Qe7 12. Qb3 Rd8 13. Rad1 Rd7 14. Bd3 Nc6
15. Rfe1 Qd8 16. Bf5 Na5 17. Qc2 Re7 18. e4 g6 19. Bh3 dxe4 20. Nxe4 Bg7 21.
Ne5 Qe8 22. b4 Nc6 23. Bd7 Rxd7 24. Nxc6 Qe6 25. d5 Qf5 26. b5 a6 27. bxa6 Bxa6
28. d6 cxd6 29. Rxd6 Rc7 30. Qd2 Kh7 31. Rd5 Qc8 32. Ne5 Raa7 33. Rd8 Qe6 34.
Nf3 1/2-1/2